000 01277cam a22003377a 4500
001 14852038
005 20071218081150.0
008 070516s2007 enka b 001 0 eng d
010 _a 2007297157
015 _aGBA673956
_2bnb
016 7 _a013541083
_2Uk
020 _a0199265852 (pbk.)
020 _a9780199265855 (pbk.)
035 _a(OCoLC)ocm71238459
035 _a(OCoLC)71238459
040 _aUKM
_cUKM
_dBWKUK
_dYDXCP
_dDLC
042 _alccopycat
050 0 0 _aHF5415.1265
_b.G39 2007
082 0 4 _a658.872
_222
_bGAY
100 1 _aGay, Richard.
245 1 0 _aOnline marketing :
_ba customer-led approach /
_cRichard Gay, Alan Charlesworth, Rita Esen.
260 _aOxford ;
_aNew York :
_bOxford University Press,
_c2007.
300 _axvii, 538 p. :
_bcol. ill. ;
_c25 cm.
504 _aIncludes bibliographical references and index.
650 0 _aInternet marketing.
700 1 _aCharlesworth, Alan,
_d1956-
700 1 _aEsen, Rita.
942 _2ddc
_cBB
999 _c10964
_d10964